Top 10 Countries with the Highest Snowfall - Statistics

General Stats
  • This quiz has been taken 530 times
  • The average score is 9 of 10
Answer Stats
Rank Answer % Correct
#9 Canada
99%
#7 Russia
99%
#8 United States of America
97%
#6 Norway
96%
#4 China
92%
#10 Japan
88%
#2 Denmark(Greenland)
79%
#5 North Korea
73%
#1 South Korea
67%
#3 Nepal
66%
No matching quizzes found
Score Distribution
Percent of People with Each Score
Percentile by Number Answered
Your Score History
You have not taken this quiz